000 00171 a2200085 4500
245 _aMALORY WORKS
_hText
100 _aEUGENE VINAVER
650 _aliterature
005 20191017172451.0
084 _aNONE
999 _c8928
_d8928